| 000 | 004340000a22001570004500 | ||
|---|---|---|---|
| 041 | 0 | _aSPA | |
| 082 | 0 | 4 | _aG 843.8 F587m |
| 100 | 1 | _aFlaubert, Gustave | |
| 245 | 1 | 0 | _aMadame Bovary / Gustave Flaubert ; Carmen Martín Gaite, Traductor |
| 260 | _aBogotá : Oveja Negra | ||
| 300 | _a403 Pag | ||
| 440 | 0 | _aColección Historia Universal de la Literatura | |
| 500 | _aTítulo original : Madame Bovary | ||
| 001 | 13288 | ||
| 942 | _cBK | ||
| 999 |
_c42272 _d42272 |
||